<?xml version="1.0" encoding="UTF-8"?>
<marc:record xmlns:marc="http://www.loc.gov/MARC21/slim">
   <marc:leader>00000nam a2200000 a 4500</marc:leader>
   <marc:datafield ind1="1" ind2=" " tag="100">
      <marc:subfield code="a">Kugler, Anita</marc:subfield>
      <marc:subfield code="4">ctb</marc:subfield>
      <marc:subfield code="e">Mitwirkende/-r</marc:subfield>
   </marc:datafield>
   <marc:datafield ind1="1" ind2=" " tag="100">
      <marc:subfield code="a">Bisping, Stefanie</marc:subfield>
      <marc:subfield code="4">ctb</marc:subfield>
      <marc:subfield code="e">Mitwirkende/-r</marc:subfield>
   </marc:datafield>
   <marc:datafield ind1=" " ind2=" " tag="653">
      <marc:subfield code="a">Bildband</marc:subfield>
   </marc:datafield>
   <marc:datafield ind1="0" ind2="0" tag="245">
      <marc:subfield code="a">Estland, Lettland, Litauen</marc:subfield>
   </marc:datafield>
   <marc:datafield ind1="0" ind2="0" tag="245">
      <marc:subfield code="c">Anita Kugler ; Stefanie Bisping</marc:subfield>
   </marc:datafield>
   <marc:datafield ind1=" " ind2="1" tag="264">
      <marc:subfield code="a">Köln</marc:subfield>
      <marc:subfield code="b">Komet</marc:subfield>
   </marc:datafield>
   <marc:datafield ind1="1" ind2=" " tag="520">
      <marc:subfield code="a">Angaben aus der Verlagsmeldung

Estland, Lettland, Litauen / von Anita Kugler, Stefanie Bisping

Die drei baltischen Staaten Estland, Lettland und Litauen werden in diesem opulenten Bildband in Text und Bild vorgestellt. Die wechselvolle Geschichte, unterschiedliche Staatszugehörigkeiten und schließlich die Unabhängigkeit vom großen Nachbarn Russland haben alle drei Staaten nachhaltig geprägt. Eine eigene Kultur, Musik und Literatur hat sich jedoch in jedem der drei Staaten bewahrt und blüht heute wieder auf.
Dieser reich bebilderte Band zeigt die schönsten Sehenswürdigkeiten, die eindrucksvollsten Naturschönheiten und die Gastfreundlichkeit der Bewohner!
</marc:subfield>
   </marc:datafield>
   <marc:datafield ind1=" " ind2=" " tag="020">
      <marc:subfield code="a">9783898367660</marc:subfield>
      <marc:subfield code="9">9783898367660</marc:subfield>
   </marc:datafield>
   <marc:datafield ind1=" " ind2=" " tag="041">
      <marc:subfield code="a">ger</marc:subfield>
   </marc:datafield>
   <marc:datafield ind1=" " ind2=" " tag="300">
      <marc:subfield code="a">319 S.</marc:subfield>
   </marc:datafield>
</marc:record>
